Think India (Record no. 4222)

MARC details
000 -LEADER
fixed length control field 00371nam a22001697a 4500
005 - DATE AND TIME OF LATEST TRANSACTION
control field 20160627114334.0
008 - FIXED-LENGTH DATA ELEMENTS--GENERAL INFORMATION
fixed length control field 160627b xxu||||| |||| 00| 0 eng d
020 ## - INTERNATIONAL STANDARD BOOK NUMBER
ISBN 978-0-525-95020-2
041 ## - LANGUAGE CODE
Language code of text/sound track or separate title eng
082 ## - DEWEY DECIMAL CLASSIFICATION NUMBER
Item number 10450
100 ## - MAIN ENTRY--AUTHOR NAME
Personal name Rai Vinay
245 ## - TITLE STATEMENT
Title Think India
260 ## - PUBLICATION, DISTRIBUTION, ETC. (IMPRINT)
Name of publisher Dutton
Year of publication 2007
300 ## - PHYSICAL DESCRIPTION
Number of Pages 254
650 ## - SUBJECT ADDED ENTRY--TOPICAL TERM
Topical Term Management
942 ## - ADDED ENTRY ELEMENTS (KOHA)
Koha item type Books
Holdings
Lost status Damaged status Collection code Home library Current library Shelving location Date acquired Full call number Accession Number Koha item type
    LIFE SKILL JRU Library JRU Library SHELF-103-G 27/06/2016 330.954 10450 Books
    LIFE SKILL JRU Library JRU Library SHELF-103-G 27/06/2016 330.954 10451 Books
      JRU Library   SHELF-6-D 27/06/2016 330.954 10452 Books
    LIFE SKILL JRU Library JRU Library SHELF-103-G 27/06/2016 330.954 10453 Books
    LIFE SKILL JRU Library JRU Library SHELF-103-G 27/06/2016 330.954 10454 Books
    LIFE SKILL JRU Library JRU Library SHELF-103-G 27/06/2016 330.954 10455 Books
      JRU Library JRU Library SHELF-103-G 27/06/2016 330.954 10456 Books
    LIFE SKILL JRU Library JRU Library SHELF-103-G 27/06/2016 330.954 10457 Books
    LIFE SKILL JRU Library JRU Library SHELF-103-G 27/06/2016 330.954 10458 Books
    LIFE SKILL JRU Library JRU Library SHELF-103-G 27/06/2016 330.954 10459 Books